LIBRARY & INFORMATION CENTRE, KCAET, TAVANUR

ONLINE PUBLIC ACCESS CATALOGUE (OPAC)

Ullman`s encyclopaedia of industrial chemistry volume A2:Amines,Aliphatic to antibiotics / (Record no. 12328)

MARC details
000 -LEADER
fixed length control field 00465cam a2200157ua 4500
041 ## - LANGUAGE CODE
Language code of text/sound track or separate title eng
082 ## - DEWEY DECIMAL CLASSIFICATION NUMBER
Classification number 030.66
Item number GER/UL
100 ## - MAIN ENTRY--AUTHOR NAME
Personal name Gerharts, Wolfgang` .
245 ## - TITLE STATEMENT
Title Ullman`s encyclopaedia of industrial chemistry volume A2:Amines,Aliphatic to antibiotics /
250 ## - EDITION STATEMENT
Edition statement 5 /
260 ## - PUBLICATION, DISTRIBUTION, ETC. (IMPRINT)
Place of publication Weinheim :
Name of publisher V C H publishers Inc ,
Year of publication 1985.
300 ## - PHYSICAL DESCRIPTION
Number of Pages 558 ; .
942 ## - ADDED ENTRY ELEMENTS (KOHA)
Koha item type Books
Holdings
Withdrawn status Lost status Damaged status Home library Current library Date acquired Full call number Accession Number Koha item type
      KAUAET KAUAET 26/03/1987 030.66 16127 Reference
free website counter